<?xml version="1.0" encoding="UTF-8"?>
<record
    xmlns:xsi="http://www.w3.org/2001/XMLSchema-instance"
    xsi:schemaLocation="http://www.loc.gov/MARC21/slim http://www.loc.gov/standards/marcxml/schema/MARC21slim.xsd"
    xmlns="http://www.loc.gov/MARC21/slim">

  <leader>01349nam0a22002411  4500</leader>
  <controlfield tag="001">rc\2811250</controlfield>
  <controlfield tag="005">20260408083407.0</controlfield>
  <datafield tag="035" ind1=" " ind2=" ">
    <subfield code="a">(NLR Aleph) 006937100</subfield>
  </datafield>
  <datafield tag="090" ind1=" " ind2=" ">
    <subfield code="a">7607840</subfield>
    <subfield code="c">7607840</subfield>
  </datafield>
  <datafield tag="100" ind1=" " ind2=" ">
    <subfield code="a">20110915d1936    |||y0rusy50      ca</subfield>
  </datafield>
  <datafield tag="101" ind1="0" ind2=" ">
    <subfield code="a">rus</subfield>
  </datafield>
  <datafield tag="102" ind1=" " ind2=" ">
    <subfield code="a">RU</subfield>
  </datafield>
  <datafield tag="105" ind1=" " ind2=" ">
    <subfield code="a">e   z   |||||</subfield>
  </datafield>
  <datafield tag="200" ind1="1" ind2=" ">
    <subfield code="a">&#x41A;&#x43E;&#x43D;&#x441;&#x442;&#x438;&#x442;&#x443;&#x446;&#x438;&#x44F; (&#x43E;&#x441;&#x43D;&#x43E;&#x432;&#x43D;&#x43E;&#x439; &#x437;&#x430;&#x43A;&#x43E;&#x43D;) &#x421;&#x43E;&#x44E;&#x437;&#x430; &#x441;&#x43E;&#x432;&#x435;&#x442;&#x441;&#x43A;&#x438;&#x445; &#x441;&#x43E;&#x446;&#x438;&#x430;&#x43B;&#x438;&#x441;&#x442;&#x438;&#x447;&#x435;&#x441;&#x43A;&#x438;&#x445; &#x440;&#x435;&#x441;&#x43F;&#x443;&#x431;&#x43B;&#x438;&#x43A;</subfield>
    <subfield code="e">&#x41F;&#x440;&#x43E;&#x435;&#x43A;&#x442; &#x41A;&#x43E;&#x43D;&#x441;&#x442;&#x438;&#x442;&#x443;&#x446;&#x438;&#x438; C&#x421;&#x421;&#x420;, &#x43F;&#x440;&#x435;&#x434;&#x441;&#x442;&#x430;&#x432;&#x43B;&#x435;&#x43D;&#x43D;&#x44B;&#x439; &#x41A;&#x43E;&#x43D;&#x441;&#x442;&#x438;&#x442;&#x443;&#x446;&#x438;&#x43E;&#x43D;&#x43D;&#x43E;&#x439; &#x43A;&#x43E;&#x43C;&#x438;&#x441;&#x441;&#x438;&#x435;&#x439; &#x426;&#x418;&#x41A; &#x421;&#x421;&#x421;&#x420; &#x438; &#x43E;&#x434;&#x43E;&#x431;&#x440;&#x435;&#x43D;&#x43D;&#x44B;&#x439; &#x41F;&#x440;&#x435;&#x437;&#x438;&#x434;&#x438;&#x443;&#x43C;&#x43E;&#x43C; &#x426;&#x418;&#x41A; &#x421;&#x421;&#x421;&#x420; &#x434;&#x43B;&#x44F; &#x432;&#x43D;&#x435;&#x441;&#x435;&#x43D;&#x438;&#x44F; &#x43D;&#x430; &#x440;&#x430;&#x441;&#x441;&#x43C;&#x43E;&#x442;&#x440;&#x435;&#x43D;&#x438;&#x435; &#x412;&#x441;&#x435;&#x441;. &#x441;&#x44A;&#x435;&#x437;&#x434;&#x430; &#x441;&#x43E;&#x432;&#x435;&#x442;&#x43E;&#x432;</subfield>
  </datafield>
  <datafield tag="210" ind1=" " ind2=" ">
    <subfield code="a">&#x421;&#x432;&#x435;&#x440;&#x434;&#x43B;&#x43E;&#x432;&#x441;&#x43A;</subfield>
    <subfield code="c">&#x41E;&#x431;&#x43B;&#x438;&#x441;&#x43F;&#x43E;&#x43B;&#x43A;&#x43E;&#x43C;</subfield>
    <subfield code="d">1936</subfield>
    <subfield code="g">&#x433;&#x430;&#x437;.-&#x436;&#x443;&#x440;&#x43D;. &#x442;&#x438;&#x43F;. [&#x438;&#x437;&#x434;-&#x432;&#x430;] "&#x423;&#x440;&#x430;&#x43B;. &#x440;&#x430;&#x431;&#x43E;&#x447;&#x438;&#x439;"</subfield>
  </datafield>
  <datafield tag="215" ind1=" " ind2=" ">
    <subfield code="a">46, [2] &#x441;., &#x432;&#x43A;&#x43B;&#x44E;&#x447;. &#x43F;&#x430;&#x43F;&#x43A;&#x443;, &#x43F;&#x435;&#x440;&#x435;&#x43F;&#x43B;&#x435;&#x442;, [30] &#x43E;&#x442;&#x434;. &#x441;&#x431;&#x440;&#x43E;&#x448;&#x44E;&#x440;&#x43E;&#x432;. &#x43B;. &#x434;&#x43B;&#x44F; &#x437;&#x430;&#x43F;&#x438;&#x441;&#x438;</subfield>
    <subfield code="d">14&#x445;9 &#x441;&#x43C;.</subfield>
  </datafield>
  <datafield tag="225" ind1="1" ind2=" ">
    <subfield code="a">&#x414;&#x435;&#x43B;&#x435;&#x433;&#x430;&#x442;&#x443; 2 &#x427;&#x440;&#x435;&#x437;&#x432;&#x44B;&#x447;&#x430;&#x439;&#x43D;&#x43E;&#x433;&#x43E; &#x441;&#x44A;&#x435;&#x437;&#x434;&#x430; &#x441;&#x43E;&#x432;&#x435;&#x442;&#x43E;&#x432; &#x421;&#x432;&#x435;&#x440;&#x434;&#x43B;&#x43E;&#x432;&#x441;&#x43A;&#x43E;&#x439; &#x43E;&#x431;&#x43B;&#x430;&#x441;&#x442;&#x438;</subfield>
  </datafield>
  <datafield tag="740" ind1=" " ind2="1">
    <subfield code="a">&#x421;&#x421;&#x421;&#x420;</subfield>
    <subfield code="t">&#x41A;&#x43E;&#x43D;&#x441;&#x442;&#x438;&#x442;&#x443;&#x446;&#x438;&#x44F;</subfield>
    <subfield code="f">1936</subfield>
    <subfield code="3">RU\NLR\AUTH\8810166668</subfield>
    <subfield code="9">829265</subfield>
  </datafield>
  <datafield tag="801" ind1=" " ind2="0">
    <subfield code="a">RU</subfield>
    <subfield code="b">NLR</subfield>
    <subfield code="g">psbo</subfield>
  </datafield>
  <datafield tag="801" ind1=" " ind2="1">
    <subfield code="a">RU</subfield>
    <subfield code="b">ELAR</subfield>
    <subfield code="2">rusmarc</subfield>
  </datafield>
  <datafield tag="852" ind1=" " ind2=" ">
    <subfield code="a">NLR</subfield>
    <subfield code="j">36-8/2568</subfield>
  </datafield>
  <datafield tag="942" ind1=" " ind2=" ">
    <subfield code="c">BOOK</subfield>
  </datafield>
  <datafield tag="980" ind1=" " ind2=" ">
    <subfield code="a">NB</subfield>
  </datafield>
  <datafield tag="995" ind1=" " ind2=" ">
    <subfield code="5">2013-10-26</subfield>
    <subfield code="b">NLR02</subfield>
    <subfield code="c">NLR02</subfield>
    <subfield code="e">RFS</subfield>
    <subfield code="f">6937100-10</subfield>
    <subfield code="k">36-8/2568</subfield>
    <subfield code="o">0</subfield>
    <subfield code="r">BOOK</subfield>
    <subfield code="s">3682568_</subfield>
  </datafield>
</record>
